[Event "Ste-Foy - Fischer"]
[Site "Ste-Foy CAN"]
[Date "2014.11.08"]
[Round "5"]
[White "Chouinard, Etienne"]
[Black "Calafateanu, Vlad"]
[Result "0-1"]
[WhiteElo "1821"]
[BlackElo "1676"]
[PlyCount "112"]
[EventDate "2014.10.11"]
[EventType "swiss"]
[EventRounds "5"]
[EventCountry "CAN"]

1. e4 e5 2. Nf3 Nc6 3. Nc3 Nf6 4. Nxe5 Nxe5 5. d4 Ng6 6. e5 Ng8 7. Bc4 d6 8.
Qf3 Be6 9. Bxe6 fxe6 10. Qxb7 N8e7 11. exd6 cxd6 12. Bg5 Qc8 13. Qb5+ Qc6 14.
O-O-O Qxb5 15. Nxb5 Kd7 16. Rhe1 a6 17. Nc3 h6 18. Be3 Nf5 19. Rd3 Be7 20. g4
Nxe3 21. fxe3 Rhf8 22. Na4 Kc7 23. c4 e5 24. Nc3 Bg5 25. Nd5+ Kc6 26. Kc2 Rf2+
27. Kb1 Rb8 28. b4 e4 29. Rb3 Ne7 30. Nc3 d5 31. cxd5+ Nxd5 32. Nxe4 Rxh2 33.
Rc1+ Kb7 34. Rc5 Rf8 35. Nd6+ Kb8 36. Nf5 g6 37. Rxd5 gxf5 38. gxf5 Rc8 39. Rc5
Re2 40. Re5 Rg8 41. Re6 Bxe3 42. Rb6+ Ka7 43. Rg6 Rxg6 44. fxg6 Bxd4 45. Rd3
Rb2+ 46. Kc1 Rxb4 47. a3 Rc4+ 48. Kd2 Be5 49. g7 Rc8 50. Rd7+ Kb6 51. Re7 Bf4+
52. Kd3 Rg8 53. Ke4 Bd6 54. Rf7 Bxa3 55. Kf5 Bb2 56. Kg6 Rxg7+ 0-1

[Event "Ste-Foy - Fischer"]
[Site "Ste-Foy CAN"]
[Date "2014.11.08"]
[Round "5"]
[White "Gaudreau, Eric"]
[Black "Sauve, Richard"]
[Result "0-1"]
[WhiteElo "1749"]
[BlackElo "1870"]
[PlyCount "84"]
[EventDate "2014.10.11"]
[EventType "swiss"]
[EventRounds "5"]
[EventCountry "CAN"]

1. Nf3 d5 2. d4 e6 3. e3 Nf6 4. Bd3 c5 5. c3 Nc6 6. Nbd2 Be7 7. O-O O-O 8. dxc5
Bxc5 9. e4 Qb6 10. exd5 exd5 11. Nb3 Be7 12. Be3 Qc7 13. h3 h6 14. Nbd4 Nxd4
15. Nxd4 a6 16. a4 Re8 17. Re1 Bd7 18. Qc2 Bc5 19. Rad1 Ne4 20. Qb3 Rad8 21.
Re2 Qc8 22. Nf3 Bxe3 23. Rxe3 Nc5 24. Rxe8+ Bxe8 25. Qb4 Bxa4 26. Rd2 Nxd3 27.
Qxa4 Nc5 28. Qa2 Qf5 29. Nd4 Qf4 30. Re2 Ne4 31. Qa5 Qd6 32. Nf5 Qd7 33. Nd4
Rc8 34. Qa2 Nf6 35. Qa3 Re8 36. Rxe8+ Qxe8 37. Qa1 Qe4 38. Qd1 Nd7 39. Nf3 Nc5
40. Nd4 Nd3 41. Qd2 Nf4 42. Nf3 Nxh3+ 0-1

[Event "Ste-Foy - Fischer"]
[Site "Ste-Foy CAN"]
[Date "2014.11.08"]
[Round "5"]
[White "Laflamme, Simon"]
[Black "Dube, Daniel"]
[Result "0-1"]
[WhiteElo "2033"]
[BlackElo "1806"]
[PlyCount "66"]
[EventDate "2014.10.11"]
[EventType "swiss"]
[EventRounds "5"]
[EventCountry "CAN"]

1. Nf3 d5 2. c4 e6 3. g3 Nf6 4. Bg2 Be7 5. O-O O-O 6. d4 dxc4 7. Ne5 Nc6 8.
Bxc6 bxc6 9. Nxc6 Qe8 10. Nxe7+ Qxe7 11. Qa4 c5 12. dxc5 Qxc5 13. Be3 Qh5 14.
Qxc4 Ng4 15. h4 Nxe3 16. fxe3 Bb7 17. Nc3 Rac8 18. Qb5 Qxb5 19. Nxb5 Rc2 20.
Nc3 Ba6 21. Rab1 Rb8 22. Rfd1 g6 23. Rd7 Rxc3 24. Rf1 Rc5 25. Rfxf7 Rh5 26.
Rxa7 Bxe2 27. b3 Rd8 28. Rg7+ Kh8 29. Rge7 Bg4 30. a4 Bf5 31. b4 g5 32. b5 gxh4
33. b6 h3 0-1

[Event "Ste-Foy - Tal"]
[Site "Ste-Foy CAN"]
[Date "2014.11.15"]
[Round "1"]
[White "Calafateanu, Vlad"]
[Black "Caron, Sebastien"]
[Result "0-1"]
[WhiteElo "1671"]
[BlackElo "2000"]
[PlyCount "76"]
[EventDate "2014.11.15"]
[EventType "tourn"]
[EventRounds "5"]
[EventCountry "CAN"]

1. e4 c5 2. Nf3 Nc6 3. d4 cxd4 4. Nxd4 e5 5. Nb5 d6 6. c4 a6 7. N5a3 Nf6 8. Nc3
Be6 9. Be2 Be7 10. O-O O-O 11. Nc2 Rc8 12. f3 Nd7 13. Be3 Na5 14. b3 b5 15. Nd5
bxc4 16. b4 Bxd5 17. Qxd5 Nc6 18. b5 Nf6 19. Qxc6 Rxc6 20. bxc6 Qc7 21. Nb4 Qa5
22. a3 d5 23. Nxd5 Nxd5 24. exd5 Qxd5 25. Rfc1 Bc5 26. Bxc5 Qxc5+ 27. Kh1 c3
28. Bxa6 Qxc6 29. Bf1 Ra8 30. Bd3 Qc5 31. a4 g6 32. Bc2 Kg7 33. Re1 f5 34. Re2
Rb8 35. Rae1 Kf6 36. Re3 Rb2 37. R3e2 Qd4 38. Rd1 Rxc2 0-1

[Event "Ste-Foy - Tal"]
[Site "Ste-Foy CAN"]
[Date "2014.11.15"]
[Round "1"]
[White "Jean, Martin"]
[Black "Dube, Daniel"]
[Result "0-1"]
[WhiteElo "1576"]
[BlackElo "1947"]
[PlyCount "38"]
[EventDate "2014.11.15"]
[EventType "tourn"]
[EventRounds "5"]
[EventCountry "CAN"]

1. g3 Nc6 2. Bg2 e5 3. c4 f5 4. Nc3 Nf6 5. d3 Bb4 6. a3 Bxc3+ 7. bxc3 d6 8. Nh3
O-O 9. O-O Qe8 10. f3 f4 11. gxf4 Bxh3 12. Bxh3 exf4 13. Bxf4 Nh5 14. Bg5 Qg6
15. f4 Nxf4 16. Rxf4 Rxf4 17. Be6+ Kh8 18. h4 Rxh4 19. Qd2 Rh5 0-1

[Event "Ste-Foy - Tal"]
[Site "Ste-Foy CAN"]
[Date "2014.11.15"]
[Round "1"]
[White "Laflamme, Simon"]
[Black "Labrecque, Rejean"]
[Result "1-0"]
[WhiteElo "1980"]
[BlackElo "1606"]
[PlyCount "65"]
[EventDate "2014.11.15"]
[EventType "tourn"]
[EventRounds "5"]
[EventCountry "CAN"]

1. Nf3 Nf6 2. c4 g6 3. Nc3 Bg7 4. e4 d6 5. d4 O-O 6. Be2 Nc6 7. d5 Nb8 8. O-O
Nbd7 9. Qc2 a6 10. h3 c5 11. Bf4 Ne8 12. Rfe1 Nc7 13. Bd3 Ne5 14. Nxe5 dxe5 15.
Be3 b6 16. Na4 Rb8 17. b4 Bd7 18. bxc5 Bxa4 19. Qxa4 b5 20. cxb5 axb5 21. Qc2
f5 22. f3 fxe4 23. fxe4 Qd7 24. Rab1 Rfc8 25. c6 Qd6 26. Rf1 Na6 27. Bxb5 Nb4
28. Qc4 Rxb5 29. Qxb5 Nxa2 30. Qb2 Ra8 31. Ra1 Qa3 32. Qxa3 Rxa3 33. c7 1-0

[Event "Ste-Foy - Tal"]
[Site "Ste-Foy CAN"]
[Date "2014.11.15"]
[Round "1"]
[White "Sauve, Richard"]
[Black "Leblanc-Legault, Mathieu"]
[Result "1-0"]
[WhiteElo "1897"]
[BlackElo "1454"]
[PlyCount "81"]
[EventDate "2014.11.15"]
[EventType "tourn"]
[EventRounds "5"]
[EventCountry "CAN"]

1. d4 c6 2. c4 d5 3. e3 Nf6 4. Nc3 e6 5. Nf3 Nbd7 6. Qc2 g6 7. Bd3 Bg7 8. O-O
O-O 9. Bd2 Re8 10. Rac1 b6 11. cxd5 exd5 12. Na4 Bb7 13. b4 a6 14. a3 Qe7 15.
Rfd1 Rac8 16. Qb3 Ne4 17. Be1 Ng5 18. Nxg5 Qxg5 19. Nc3 Rc7 20. Nxd5 c5 21. Nf4
Bxd4 22. exd4 Qxf4 23. Bf1 cxd4 24. Bd2 Qd6 25. Rxc7 Qxc7 26. Qd3 Re4 27. Re1
Rh4 28. h3 Ne5 29. Qg3 Rh5 30. Be2 Rf5 31. Bg4 Rxf2 32. Qxf2 d3 33. Bf4 f6 34.
Be6+ Kg7 35. Qd2 Qd6 36. Bxe5 fxe5 37. Bb3 e4 38. Qf2 Bd5 39. Qd4+ Kh6 40. Rxe4
Qc6 41. Rh4+ 1-0

[Event "Ste-Foy - Tal"]
[Site "Ste-Foy CAN"]
[Date "2014.11.22"]
[Round "2"]
[White "Caron, Sebastien"]
[Black "Robitaille, Denis"]
[Result "1-0"]
[WhiteElo "2000"]
[BlackElo "1825"]
[PlyCount "43"]
[EventDate "2014.11.15"]
[EventType "tourn"]
[EventRounds "5"]
[EventCountry "CAN"]

1. e4 Nf6 2. Nc3 e5 3. Nf3 Nc6 4. Bc4 Nxe4 5. Bxf7+ Kxf7 6. Nxe4 d5 7. Neg5+
Kg8 8. d4 h6 9. Nh3 e4 10. Nfg1 Ne7 11. Be3 Be6 12. Nf4 Bf7 13. h4 Nf5 14. Qg4
Qf6 15. O-O-O Kh7 16. Nge2 g6 17. Qh3 Qc6 18. h5 Nxe3 19. hxg6+ Bxg6 20. fxe3
Qd6 21. Nxg6 Kxg6 22. Nf4+ 1-0

[Event "Ste-Foy - Tal"]
[Site "Ste-Foy CAN"]
[Date "2014.11.22"]
[Round "2"]
[White "Cummins, Paul"]
[Black "Laflamme, Simon"]
[Result "1/2-1/2"]
[WhiteElo "1793"]
[BlackElo "1980"]
[PlyCount "28"]
[EventDate "2014.11.15"]
[EventType "tourn"]
[EventRounds "5"]
[EventCountry "CAN"]

1. d4 Nf6 2. Bg5 e6 3. Nf3 c5 4. c3 d5 5. e3 Nbd7 6. Bd3 b6 7. O-O Ne5 8. dxe5
h6 9. Bh4 g5 10. exf6 Bb7 11. Qa4+ Qd7 12. Bb5 O-O-O 13. e4 Bd6 14. g3 c4
1/2-1/2

[Event "Ste-Foy - Tal"]
[Site "Ste-Foy CAN"]
[Date "2014.11.22"]
[Round "2"]
[White "Dube, Daniel"]
[Black "Skakni, Ismael"]
[Result "0-1"]
[WhiteElo "1947"]
[BlackElo "1690"]
[PlyCount "53"]
[EventDate "2014.11.15"]
[EventType "tourn"]
[EventRounds "5"]
[EventCountry "CAN"]

1. d4 d5 2. c4 c6 3. Nf3 Nf6 4. Qc2 e6 5. g3 Nbd7 6. Bg2 Be7 7. Nbd2 O-O 8. O-O
b6 9. e4 Nxe4 10. Nxe4 dxe4 11. Qxe4 Ba6 12. Qc2 Bb7 13. Rd1 Qc8 14. Ng5 Bxg5
15. Re1 Nf6 16. Bf4 h6 17. Be4 Rd8 18. Qe2 c5 19. Bxb7 Qxb7 20. d5 exd5 21. Qh5
Qe7 22. Bd6 d4 23. Kh1 Rf8 24. Qg4 a5 25. h4 Qe6 26. Kg2 Qe4+ 27. Qxe4 0-1

[Event "Ste-Foy - Tal"]
[Site "Ste-Foy CAN"]
[Date "2014.11.22"]
[Round "2"]
[White "Tremblay, Charles"]
[Black "Gaudreau, Eric"]
[Result "0-1"]
[WhiteElo "1595"]
[BlackElo "1693"]
[PlyCount "44"]
[EventDate "2014.11.15"]
[EventType "tourn"]
[EventRounds "5"]
[EventCountry "CAN"]

1. c4 c6 2. Nc3 d5 3. d4 Nf6 4. Nf3 e6 5. Bf4 dxc4 6. e3 b5 7. a3 Bb7 8. Be2
Be7 9. O-O Qb6 10. Qc2 Nbd7 11. Ne5 c5 12. dxc5 Nxc5 13. Rad1 O-O 14. Ng4 Rfd8
15. Nxf6+ Bxf6 16. Kh1 a5 17. Bf3 Bxf3 18. gxf3 Rxd1 19. Rxd1 Rd8 20. Rxd8+
Qxd8 21. Ne4 Nxe4 22. fxe4 Qd3 0-1

[Event "Ste-Foy - Tal"]
[Site "Ste-Foy CAN"]
[Date "2014.11.29"]
[Round "3"]
[White "Chouinard, Etienne"]
[Black "Sauve, Richard"]
[Result "1/2-1/2"]
[WhiteElo "1798"]
[BlackElo "1897"]
[PlyCount "80"]
[EventDate "2014.11.15"]
[EventType "tourn"]
[EventRounds "5"]
[EventCountry "CAN"]

1. c4 e6 2. d4 d5 3. Nc3 c6 4. Nf3 dxc4 5. e3 b5 6. a4 Bb4 7. Bd2 a5 8. axb5
Bxc3 9. Bxc3 cxb5 10. b3 Bb7 11. bxc4 b4 12. Bd2 Nf6 13. Ne5 O-O 14. Rg1 Nbd7
15. Nxd7 Qxd7 16. Be2 Rfc8 17. Qb3 Ne4 18. Bf3 Nxd2 19. Kxd2 Bxf3 20. gxf3 Qc6
21. Rg5 Qxf3 22. Rgxa5 Qxf2+ 23. Kd3 Rxa5 24. Rxa5 Qf1+ 25. Kd2 Qg2+ 26. Kd3
Qf1+ 27. Kd2 g6 28. c5 Rb8 29. Ra2 Qb5 30. Rc2 Qc6 31. Kd3 h5 32. e4 Qa6+ 33.
Rc4 Kf8 34. d5 exd5 35. exd5 Qf6 36. Rxb4 Qf3+ 37. Kc4 Qe4+ 38. Kc3 Qe1+ 39.
Kc4 Qe2+ 40. Kd4 Qd2+ 1/2-1/2

[Event "Ste-Foy - Tal"]
[Site "Ste-Foy CAN"]
[Date "2014.11.29"]
[Round "3"]
[White "Gaudreau, Eric"]
[Black "Dube, Daniel"]
[Result "0-1"]
[WhiteElo "1693"]
[BlackElo "1947"]
[PlyCount "46"]
[EventDate "2014.11.15"]
[EventType "tourn"]
[EventRounds "5"]
[EventCountry "CAN"]

1. d4 Nf6 2. Bg5 d5 3. Bxf6 exf6 4. e3 Be7 5. c4 dxc4 6. Bxc4 O-O 7. Nc3 Nc6 8.
Nge2 Bd6 9. Ng3 g6 10. Qf3 f5 11. O-O-O Bb4 12. Nce2 Na5 13. Bd3 Be6 14. Kb1
Qd7 15. Nf4 Bc4 16. h4 Qb5 17. h5 Bc3 18. Qe2 g5 19. Bxc4 Nxc4 20. Nd3 f4 21.
Ne4 Bxb2 22. Kc2 Na3+ 23. Kd2 Qa5+ 0-1

[Event "Ste-Foy - Tal"]
[Site "Ste-Foy CAN"]
[Date "2014.11.29"]
[Round "3"]
[White "Laflamme, Simon"]
[Black "Doyon, Stephane"]
[Result "1-0"]
[WhiteElo "1980"]
[BlackElo "1806"]
[PlyCount "63"]
[EventDate "2014.11.15"]
[EventType "tourn"]
[EventRounds "5"]
[EventCountry "CAN"]

1. Nf3 d5 2. c4 c6 3. e3 Nf6 4. Nc3 e6 5. b3 Bd6 6. Bb2 O-O 7. Qc2 Nbd7 8. Rg1
Qe7 9. g4 Ba3 10. Bxa3 Qxa3 11. Be2 Nc5 12. d3 Re8 13. g5 Nfd7 14. Nd2 Na6 15.
f4 d4 16. exd4 Qd6 17. O-O-O Qxd4 18. Nde4 Nb4 19. Qd2 b5 20. a3 a5 21. Bf3
Na2+ 22. Qxa2 Qe3+ 23. Nd2 bxc4 24. Rde1 Qxd3 25. Qc2 Qd6 26. Nce4 Qxa3+ 27.
Qb2 Qe7 28. Nf6+ Nxf6 29. gxf6 Qc5 30. Rxg7+ Kf8 31. Reg1 cxb3+ 32. Kd1 1-0

[Event "Ste-Foy - Tal"]
[Site "Ste-Foy CAN"]
[Date "2014.11.29"]
[Round "3"]
[White "Skakni, Ismael"]
[Black "Caron, Sebastien"]
[Result "0-1"]
[WhiteElo "1690"]
[BlackElo "2000"]
[PlyCount "74"]
[EventDate "2014.11.15"]
[EventType "tourn"]
[EventRounds "5"]
[EventCountry "CAN"]

1. d4 Nf6 2. Nf3 e6 3. c4 Bb4+ 4. Bd2 Qe7 5. g3 b6 6. Bg2 Bb7 7. O-O Bxd2 8.
Nbxd2 O-O 9. Qc2 d5 10. Ne5 Rc8 11. Rac1 c5 12. cxd5 exd5 13. Rfe1 Nbd7 14.
Nxd7 Qxd7 15. dxc5 Rxc5 16. Qd3 Qa4 17. Qb3 Qc6 18. Rxc5 Qxc5 19. Qd3 Rc8 20.
Nb3 Qc2 21. Rc1 Qxb2 22. Rxc8+ Bxc8 23. Bxd5 Qxa2 24. Bb7 Bd7 25. e4 Qa4 26.
Nd4 g6 27. e5 Nh5 28. Bd5 Ng7 29. Qf3 Nf5 30. Nxf5 Bxf5 31. h3 h5 32. Bb3 Qe4
33. Qxe4 Bxe4 34. f4 b5 35. Kf2 a5 36. Ke3 Bf5 37. h4 a4 0-1

[Event "Ste-Foy - Tal"]
[Site "Ste-Foy CAN"]
[Date "2014.12.06"]
[Round "4"]
[White "Caron, Sebastien"]
[Black "Laflamme, Simon"]
[Result "1-0"]
[WhiteElo "2000"]
[BlackElo "1980"]
[PlyCount "59"]
[EventDate "2014.11.15"]
[EventType "tourn"]
[EventRounds "5"]
[EventCountry "CAN"]

1. e4 e5 2. Nf3 Nf6 3. Nxe5 d6 4. Nc4 Nxe4 5. d4 Qf6 6. Qe2 d5 7. f3 dxc4 8.
Qxe4+ Be7 9. Bxc4 O-O 10. Bd3 g6 11. Nc3 Bb4 12. Bd2 Bf5 13. Qe5 Qd8 14. O-O-O
Nc6 15. Qb5 Bxd3 16. Qxd3 Qxd4 17. Qxd4 Nxd4 18. Bh6 Rfd8 19. Bg5 Rd7 20. Kb1
f5 21. Nb5 c5 22. c3 h6 23. Bxh6 Rh7 24. Nxd4 Bxc3 25. bxc3 cxd4 26. Bd2 dxc3
27. Bxc3 Rc8 28. Bb2 Re8 29. Rd2 Rhe7 30. Rhd1 1-0

[Event "Ste-Foy - Tal"]
[Site "Ste-Foy CAN"]
[Date "2014.12.06"]
[Round "4"]
[White "Doyon, Stephane"]
[Black "Gaudreau, Eric"]
[Result "0-1"]
[WhiteElo "1806"]
[BlackElo "1693"]
[PlyCount "40"]
[EventDate "2014.11.15"]
[EventType "tourn"]
[EventRounds "5"]
[EventCountry "CAN"]

1. e4 b6 2. d4 Bb7 3. Bd3 e6 4. Nf3 Nf6 5. Nc3 Bb4 6. Qe2 d5 7. e5 Ne4 8. Bxe4
Bxc3+ 9. bxc3 dxe4 10. Nd2 Qd5 11. Ba3 c5 12. dxc5 Qxe5 13. Qb5+ Bc6 14. Qb2 e3
15. fxe3 Qxe3+ 16. Kd1 O-O 17. Re1 Qf2 18. cxb6 Rd8 19. Re2 Qg1+ 20. Re1 Qxg2
0-1

[Event "Ste-Foy - Tal"]
[Site "Ste-Foy CAN"]
[Date "2014.12.06"]
[Round "4"]
[White "Dube, Daniel"]
[Black "Calafateanu, Vlad"]
[Result "1-0"]
[WhiteElo "1947"]
[BlackElo "1671"]
[PlyCount "87"]
[EventDate "2014.11.15"]
[EventType "tourn"]
[EventRounds "5"]
[EventCountry "CAN"]

1. e4 e5 2. Nf3 Nc6 3. Nc3 Nf6 4. d4 exd4 5. Nxd4 Bb4 6. Nxc6 bxc6 7. Bd3 d5 8.
exd5 cxd5 9. O-O O-O 10. Bg5 c6 11. Na4 Re8 12. c3 Be7 13. Bc2 h6 14. Bh4 Ne4
15. Bxe7 Qxe7 16. Re1 Qg5 17. f3 Bh3 18. Qe2 Nd6 19. Qf2 Bf5 20. Bxf5 Qxf5 21.
Rxe8+ Rxe8 22. b3 Re7 23. Rd1 Qe5 24. g3 Nf5 25. Rd2 Qe1+ 26. Qxe1 Rxe1+ 27.
Kf2 Rc1 28. g4 Nd6 29. c4 Ne8 30. cxd5 cxd5 31. Ke3 Nc7 32. Nb2 Re1+ 33. Re2
Rxe2+ 34. Kxe2 Ne6 35. b4 Kf8 36. Nd3 f6 37. Ke3 g5 38. a4 a6 39. b5 axb5 40.
a5 Ke7 41. Nb4 Kd6 42. a6 Kc5 43. a7 Nc7 44. Na6+ 1-0

[Event "Ste-Foy - Tal"]
[Site "Ste-Foy CAN"]
[Date "2014.12.13"]
[Round "5"]
[White "Calafateanu, Vlad"]
[Black "Labrecque, Rejean"]
[Result "1-0"]
[WhiteElo "1671"]
[BlackElo "1606"]
[PlyCount "107"]
[EventDate "2014.11.15"]
[EventType "tourn"]
[EventRounds "5"]
[EventCountry "CAN"]

1. e4 c5 2. Nf3 d6 3. c4 Nf6 4. Nc3 g6 5. d4 cxd4 6. Nxd4 Bg7 7. f3 Nc6 8. Nxc6
bxc6 9. Be3 O-O 10. Qd2 Re8 11. Be2 Qc7 12. O-O a5 13. b3 Be6 14. Rac1 Red8 15.
Na4 Rab8 16. c5 d5 17. Bf4 dxe4 18. Bxc7 Rxd2 19. Bxb8 Rxe2 20. Nc3 Rd2 21.
fxe4 Bg4 22. h3 Rd8 23. Bc7 Rd7 24. Bxa5 Be6 25. Rfd1 Bh6 26. Rxd7 Nxd7 27. Rd1
Be3+ 28. Kf1 Bxc5 29. Bc7 h5 30. Ke2 Kf8 31. Rb1 Ke8 32. b4 Bc4+ 33. Kd2 Bd4
34. a4 Nb6 35. a5 Na8 36. Bf4 e5 37. Be3 Bxe3+ 38. Kxe3 Kd7 39. Na4 Bb5 40.
Nc5+ Kc8 41. h4 Nc7 42. Rd1 Na6 43. Nxa6 Bxa6 44. Kf3 Kc7 45. g4 Bc8 46. gxh5
gxh5 47. Ke3 Be6 48. Rg1 Bg4 49. Rf1 Be6 50. Rf6 Kb7 51. Rh6 Bg4 52. Rh7 Ka6
53. Rxf7 c5 54. Rf6+ 1-0

[Event "Ste-Foy - Tal"]
[Site "Ste-Foy CAN"]
[Date "2014.12.13"]
[Round "5"]
[White "Chouinard, Etienne"]
[Black "Dube, Daniel"]
[Result "0-1"]
[WhiteElo "1798"]
[BlackElo "1947"]
[PlyCount "24"]
[EventDate "2014.11.15"]
[EventType "tourn"]
[EventRounds "5"]
[EventCountry "CAN"]

1. e4 e5 2. f4 Nc6 3. Nf3 f5 4. d3 exf4 5. Bxf4 Nf6 6. Nbd2 Be7 7. c3 fxe4 8.
dxe4 O-O 9. Bc4+ d5 10. exd5 Nxd5 11. Bxc7 Bh4+ 12. g3 Qe7+ 0-1

[Event "Ste-Foy - Tal"]
[Site "Ste-Foy CAN"]
[Date "2014.12.13"]
[Round "5"]
[White "Laflamme, Simon"]
[Black "Gaudreau, Eric"]
[Result "1/2-1/2"]
[WhiteElo "1980"]
[BlackElo "1693"]
[PlyCount "67"]
[EventDate "2014.11.15"]
[EventType "tourn"]
[EventRounds "5"]
[EventCountry "CAN"]

1. Nf3 b6 2. g3 Bb7 3. Bg2 g6 4. O-O Bg7 5. d4 Nf6 6. c4 e6 7. Nc3 d6 8. Qc2
O-O 9. e4 Nbd7 10. Rd1 a6 11. h3 h6 12. Be3 Qe7 13. e5 Ne8 14. Qd2 Kh7 15. Ng5+
hxg5 16. Bxb7 Ra7 17. Bxg5 f6 18. exf6 Bxf6 19. Bxf6 Ndxf6 20. Bg2 Ng7 21. Re1
Qf7 22. Re2 c5 23. Rae1 Re7 24. b3 Nf5 25. dxc5 dxc5 26. Ne4 Nxe4 27. Rxe4 Nd4
28. Rf4 Qg7 29. Be4 Rxf4 30. Qxf4 Rf7 31. Qh4+ Qh6 32. Qxh6+ Kxh6 33. f4 a5 34.
Re3 1/2-1/2

[Event "Ste-Foy - Tal"]
[Site "Ste-Foy CAN"]
[Date "2014.12.13"]
[Round "5"]
[White "Theriault, Francis"]
[Black "Doyon, Stephane"]
[Result "1-0"]
[WhiteElo "1605"]
[BlackElo "1806"]
[PlyCount "61"]
[EventDate "2014.11.15"]
[EventType "tourn"]
[EventRounds "5"]
[EventCountry "CAN"]

1. e4 b6 2. d4 Bb7 3. Nc3 e6 4. Bd3 Bb4 5. Nge2 Nf6 6. O-O O-O 7. Bg5 Be7 8. e5
Nd5 9. Bxe7 Qxe7 10. Nxd5 exd5 11. Ng3 g6 12. Qg4 Ba6 13. Bxa6 Nxa6 14. Nh5 Qe6
15. Nf6+ Kg7 16. Qh4 Rh8 17. g4 d6 18. f4 c5 19. c3 Nc7 20. Rae1 Ne8 21. f5 Qe7
22. Nh5+ Kf8 23. f6 Qd7 24. Ng7 h5 25. h3 Nxg7 26. fxg7+ Kxg7 27. Qf6+ Kg8 28.
e6 fxe6 29. Qxg6+ Qg7 30. Qxe6+ Kh7 31. Rf7 1-0

[Event "Ste-Foy CC-ch"]
[Site "Ste-Foy CAN"]
[Date "2014.05.17"]
[Round "1"]
[White "Bahadi, Khalid"]
[Black "Doyon, Stephane"]
[Result "1/2-1/2"]
[WhiteElo "1977"]
[BlackElo "1850"]
[PlyCount "96"]
[EventDate "2014.05.17"]
[EventType "tourn"]
[EventRounds "5"]
[EventCountry "CAN"]

1. e4 c6 2. d4 d5 3. Nc3 dxe4 4. Nxe4 Bf5 5. Ng3 Bg6 6. h4 h6 7. h5 Bh7 8. Bd3
Bxd3 9. Qxd3 e6 10. Nf3 Qc7 11. Ne4 Nd7 12. Rh4 O-O-O 13. Bf4 Qa5+ 14. c3 e5
15. dxe5 Nxe5 16. Qxd8+ Qxd8 17. Bxe5 Nf6 18. Rd1 Qe8 19. Bxf6 gxf6 20. Kf1 Qe6
21. Nd4 Qc4+ 22. Kg1 Be7 23. Nf5 Qe2 24. Nxe7+ Kc7 25. Rf1 Re8 26. Nf5 Rxe4 27.
Ng3 Qxf1+ 28. Kxf1 Rxh4 29. Ke2 Ra4 30. a3 Ra5 31. f4 Kd7 32. Ne4 Ke6 33. Ng3
f5 34. Nf1 Rb5 35. b4 Rd5 36. Ne3 Rd7 37. Nc4 f6 38. Ne3 b6 39. Nc2 c5 40. Ne3
cxb4 41. axb4 b5 42. Nc2 Kd5 43. Kd3 Re7 44. Nd4 Re4 45. g3 Rxd4+ 46. cxd4 Kd6
47. Ke3 Kd5 48. Kd3 Kd6 1/2-1/2

[Event "Ste-Foy CC-ch"]
[Site "Ste-Foy CAN"]
[Date "2014.05.17"]
[Round "1"]
[White "Laflamme, Simon"]
[Black "Sauve, Richard"]
[Result "0-1"]
[WhiteElo "1966"]
[BlackElo "1880"]
[PlyCount "53"]
[EventDate "2014.05.17"]
[EventType "tourn"]
[EventRounds "5"]
[EventCountry "CAN"]

1. e4 e6 2. d4 d5 3. e5 c5 4. c3 Nc6 5. Nf3 Qb6 6. Be2 Bd7 7. a3 Nh6 8. b4 cxd4
9. cxd4 Nf5 10. Be3 Be7 11. Nc3 O-O 12. O-O f6 13. exf6 Bxf6 14. Na4 Qd8 15.
Nc5 Nxe3 16. fxe3 b6 17. Nd3 Qe7 18. Qb3 Qd6 19. Nf4 Nxd4 20. Nxd4 Bxd4 21.
exd4 Rxf4 22. Rxf4 Qxf4 23. Rd1 Rc8 24. Qb2 Qe3+ 25. Kh1 Ba4 26. Re1 Rc2 27.
Qb1 0-1

[Event "Ste-Foy CC-ch"]
[Site "Ste-Foy CAN"]
[Date "2014.05.17"]
[Round "1"]
[White "Sarra-Bournet, Marc"]
[Black "Gaudreau, Eric"]
[Result "1-0"]
[WhiteElo "1979"]
[BlackElo "1715"]
[PlyCount "55"]
[EventDate "2014.05.17"]
[EventType "tourn"]
[EventRounds "5"]
[EventCountry "CAN"]

1. e4 e6 2. d4 d5 3. Nd2 Nf6 4. e5 Nfd7 5. f4 c5 6. Ne2 Nc6 7. Nf3 Qb6 8. c3
Be7 9. g3 cxd4 10. cxd4 Qc7 11. Bh3 Nb6 12. O-O O-O 13. a3 Na5 14. b3 Bd7 15.
Bd2 Nc6 16. Be3 Rac8 17. Qd3 f6 18. exf6 gxf6 19. f5 e5 20. dxe5 fxe5 21. Bxb6
Qxb6+ 22. Kg2 d4 23. Nd2 Na5 24. b4 Nc6 25. Qc4+ Kh8 26. Qd5 Qc7 27. Rac1 Qb8
28. Qxd7 1-0

[Event "Ste-Foy CC-ch"]
[Site "Ste-Foy CAN"]
[Date "2014.05.24"]
[Round "2"]
[White "Doyon, Stephane"]
[Black "Sarra-Bournet, Marc"]
[Result "1-0"]
[WhiteElo "1850"]
[BlackElo "1979"]
[PlyCount "157"]
[EventDate "2014.05.17"]
[EventType "tourn"]
[EventRounds "5"]
[EventCountry "CAN"]

1. e4 e5 2. Nf3 Nc6 3. d4 exd4 4. Nxd4 Bc5 5. Be3 Qf6 6. c3 Nge7 7. Bc4 Ne5 8.
Be2 d5 9. Nd2 O-O 10. O-O Qg6 11. Bh5 Qb6 12. b4 Bxd4 13. Bxd4 Qd6 14. Bc5 Qe6
15. exd5 Qf6 16. Ne4 Qh4 17. Re1 Re8 18. Ng3 Nf5 19. Re4 Qg5 20. f4 Nxg3 21.
fxg5 Nxe4 22. Bd4 Nxg5 23. Bxe5 Rxe5 24. Qd4 Nh3+ 25. gxh3 Rxh5 26. h4 Bd7 27.
Re1 Rh6 28. Re7 Rg6+ 29. Kf2 Rd8 30. Qxa7 Kf8 31. Re2 Rb6 32. c4 Bg4 33. Re3
Rf6+ 34. Ke1 Rb6 35. Qa3 Ra6 36. Qb2 Rda8 37. a3 f6 38. Qd4 h5 39. b5 Rd6 40.
h3 Bf5 41. c5 Rd7 42. Kd2 Rad8 43. Qb4 Rxd5+ 44. Ke2 Rd4 45. Qa5 c6 46. bxc6
bxc6 47. Qc7 Be4 48. Kf2 Rd2+ 49. Re2 R2d7 50. Qf4 Bg6 51. a4 Rd5 52. Qb4 Rd3
53. a5 Rxh3 54. Qb7 Rh2+ 55. Kf3 Rd3+ 56. Re3 Rh3+ 57. Kf2 Rhxe3 58. Qxc6 Re8
59. a6 Be4 60. Qc7 Rf3+ 61. Ke2 Ra3 62. Qd6+ Kf7 63. Qd7+ Re7 64. Qd6 Bd3+ 65.
Kd2 Bxa6 66. Qd5+ Kf8 67. Qd8+ Re8 68. Qd6+ Kg8 69. Qd5+ Kh8 70. Qxh5+ Kg8 71.
Qxe8+ Kh7 72. Qe4+ Kh6 73. c6 Ra2+ 74. Kc3 Re2 75. Qf4+ Kh7 76. c7 Re1 77. Qf5+
g6 78. Qd7+ Kh6 79. Qd2+ 1-0

[Event "Ste-Foy CC-ch"]
[Site "Ste-Foy CAN"]
[Date "2014.05.24"]
[Round "2"]
[White "Gaudreau, Eric"]
[Black "Sauve, Richard"]
[Result "1-0"]
[WhiteElo "1715"]
[BlackElo "1880"]
[PlyCount "123"]
[EventDate "2014.05.17"]
[EventType "tourn"]
[EventRounds "5"]
[EventCountry "CAN"]

1. b3 f5 2. Bb2 Nf6 3. Nf3 g6 4. e3 Bg7 5. c4 O-O 6. d4 d6 7. Nbd2 e5 8. dxe5
Ng4 9. Qc2 Nxe5 10. Be2 Nbc6 11. a3 Be6 12. O-O h6 13. Nd4 Bd7 14. Rad1 Qe7 15.
Nb5 Rac8 16. Rfe1 a6 17. Nc3 Kh8 18. Nd5 Qf7 19. Nf4 Be8 20. Nf3 g5 21. Nxe5
Nxe5 22. Nh5 Rg8 23. Nxg7 Rxg7 24. f4 gxf4 25. exf4 Bc6 26. g3 Be4 27. Qd2 Rcg8
28. Kf2 Nd7 29. Bxg7+ Qxg7 30. Qd4 Nc5 31. Qxg7+ Rxg7 32. b4 Na4 33. Bf3 Nc3
34. Rd4 Bxf3 35. Kxf3 Ne4 36. Rd5 Rf7 37. h3 h5 38. g4 hxg4+ 39. hxg4 fxg4+ 40.
Ke3 Kg7 41. Kd4 Nf6 42. Rg5+ Kf8 43. Re6 g3 44. Rxg3 Nh5 45. Rg4 Nxf4 46. Re4
Nh5 47. Rh4 Rf5 48. Re6 Kf7 49. Rh6 Nf6 50. Rh8 Rf3 51. Rh3 Rxh3 52. Rxh3 Ke7
53. Rh8 Kd7 54. Rf8 Ne8 55. a4 Ke7 56. Rh8 Kd7 57. a5 b6 58. b5 bxa5 59. bxa6
c5+ 60. Kc3 Nc7 61. a7 d5 62. Rh7+ 1-0